US State Governors by Party - Click Quiz - Statistics

General Stats
  • This quiz has been taken 235 times
  • The average score is 37 of 50
Answer Stats
Hint Answer % Correct
Delaware Democratic
89%
Hawaii Democratic
89%
California Democratic
88%
Maryland Democratic
88%
Washington Democratic
88%
Rhode Island Democratic
87%
Connecticut Democratic
86%
New York Democratic
86%
Minnesota Democratic
85%
New Jersey Democratic
85%
Illinois Democratic
83%
Massachusetts Democratic
83%
Oregon Democratic
83%
Alabama
Republican
83%
Michigan Democratic
82%
Arkansas Republican
82%
Texas Republican
82%
Wyoming Republican
82%
Colorado Democratic
81%
Idaho Republican
81%
Oklahoma Republican
81%
Tennessee Republican
81%
Mississippi Republican
80%
South Dakota Republican
80%
Utah Republican
80%
Alaska Republican
79%
Missouri Republican
79%
Nebraska Republican
79%
North Dakota Republican
79%
Pennsylvania Democratic
77%
Montana Republican
77%
South Carolina Republican
77%
Iowa Republican
75%
Maine Democratic
74%
Florida Republican
74%
Indiana Republican
74%
West Virginia Republican
74%
New Mexico Democratic
73%
Wisconsin Democratic
73%
Ohio Republican
67%
Georgia Republican
64%
Arizona Democratic
63%
Virginia Republican
61%
North Carolina Democratic
49%
Kentucky Democratic
46%
New Hampshire Republican
42%
Nevada Republican
40%
Kansas Democratic
35%
Vermont Republican
29%
Louisiana Democratic
25%
No matching quizzes found
Score Distribution
Percent of People with Each Score
Percentile by Number Answered
Your Score History
You have not taken this quiz